000 nam a22 a 4500
999 _c170494
_d170494
003 BLK
005 20220502162556.0
008 180411b bul|||||r ||||||| ||bul||
010 _aKNG00178652000
040 _aBLK
041 _aBUL
_cBUL
080 _aМетодика. Спортни тренировки. Спортни резултати
_b796.015
_z796.015
100 1 _aМатеев, Драгомир Матеев
_eпърви автор
_9338572
139 _aМатеев, Драгомир Матеев и др.
_bМ 39
245 1 0 _aСиловата подготовка на спортиста
_cДрагомир Матеев Матеев; съавт. Спиридон Тодоров Моров; съавт. Ангел Акрабов.
257 _aBGR
260 _aСофия
_bМедицина и физкултура
_c1964
300 _a151 с.
_bс ил.
_c25 см
380 _a79
500 _a2 676 тир. - Библиогр. с. 147-149.
650 4 _aТренировки
_9174001
650 4 _aСпорт, физкултура, туризъм
_9336711
653 _aспортни тренировки
700 1 _aМоров, Спиридон Тодоров
_eсъавт.
_9338573
700 1 _aАкрабов, Ангел
_eсъавт.
_9382685
852 _aЦб 32748
_bЦб
856 4 _qpdf
856 4 _qpdf
942 _cKNG
_n0
_s1
944 _aCR
_c22.07.2015
_lф /
_kЛюдмила_Стоянова
944 _aED
_c22.07.2015
_lф /
_kЛюдмила_Стоянова